Amérique latine: les surprises de la démocratie /
En el artículo, se presenta una reflexión sobre la evolución de las política en América Latina. Se expone el caso de cada una de las últimas elecciones en la región. Se cuestiona a la vez cuáles características presentan en común los candidatos. Además se expone la gran brecha existente entre los má...
Uloženo v:
| Hlavní autor: | |
|---|---|
| Další autoři: | |
| Médium: | Text |
| Témata: | |
| Tagy: |
Přidat tag
Žádné tagy, Buďte první, kdo vytvoří štítek k tomuto záznamu!
|
MARC
| LEADER | 00000 a a2200000 04500 | ||
|---|---|---|---|
| 001 | 37323 | ||
| 003 | |||
| 040 | |||
| 090 | |a 0002 A512a | ||
| 100 | |a Couffignal, Georges | ||
| 245 | |a Amérique latine: les surprises de la démocratie / |c Georges Couffignal | ||
| 300 | |a 206 p. | ||
| 520 | |a En el artículo, se presenta una reflexión sobre la evolución de las política en América Latina. Se expone el caso de cada una de las últimas elecciones en la región. Se cuestiona a la vez cuáles características presentan en común los candidatos. Además se expone la gran brecha existente entre los más pobre y los más adinerados en América Latina, aclarando que la misma es la más grande a nivel mundial | ||
| 650 | |a POLITICA | ||
| 650 | |a POBREZA | ||
| 650 | |a ELECCIONES | ||
| 650 | |a ECONOMIA | ||
| 650 | |a AMERICA LATINA | ||
| 700 | |a dir. | ||
| 999 | |c 15662 |d 15662 | ||
